| 000 | 01025cam a22003014a 4500 | ||
|---|---|---|---|
| 001 | 13054804 | ||
| 003 | ARRUPE | ||
| 005 | 20211004122125.0 | ||
| 008 | 020429s2002 enk b 001 0 eng | ||
| 010 | _a 2003428045 | ||
| 020 | _a1902683617 | ||
| 020 | _a1902683625 (pbk.) | ||
| 035 | _a(UkLWHE)b000171275 | ||
| 040 |
_aDLC _cDLC _dDLC |
||
| 042 | _apcc | ||
| 050 | 0 | 0 |
_aBD581 _b.E45 2002 |
| 100 | 1 |
_aEllis, B. D. _q(Brian David), _d1929- _950246 |
|
| 245 | 1 | 4 |
_aThe philosophy of nature : _ba guide to the new essentialism / _cBrian Ellis. |
| 260 |
_aChesham : _bAcumen, _c2002. |
||
| 300 |
_av, 185 p. ; _c22 cm. |
||
| 504 | _aIncludes bibliographical references (p. 177-180) and index. | ||
| 650 | 0 |
_aPhilosophy of nature. _917211 |
|
| 650 | 0 |
_aEssentialism (Philosophy) _933793 |
|
| 650 | 0 |
_aNecessity (Philosophy) _911386 |
|
| 906 |
_a7 _bcbc _corigres _d2 _encip _f20 _gy-gencatlg |
||
| 942 |
_2lcc _cMONOGRAPH |
||
| 999 |
_c130663 _d130663 |
||